Statistiken für Größte Städte Deutschlands nach enthaltenen Buchstaben

Klicken Sie hier um das Quiz zu spielen!

Allgemein

  • Dieses Quiz wurde 453 mal gespielt
  • Das Durchschnittsergebnis liegt bei 31 aus 58

Antwortstatistiken

#EinwohnerStadt% Korrekt
BEILNR3.669.491Berlin
98%
ABGHMRU1.847..253Hamburg
97%
CEHMNU1.484.226München
95%
AFIKMNRTU763.380Frankfurt am Main
94%
KLNO1.087.863Köln
94%
DEFLORSU621.877Düsseldorf
93%
AGRSTU635.911Stuttgart
91%
DS556.780Dresden
90%
EGILPZ593.145Leipzig
90%
BM567.559Bremen
89%
DMNOT588.250Dortmund
88%
AHOV536.925Hannover
87%
ES582.760Essen
86%
BG518.370Nürnberg
84%
P180.334Potsdam
79%
J99.200Jena
78%
Z246.334Chemnitz
77%
BDGIS498.686Duisburg
77%
K246.794Kiel
76%
ALPTW355.100Wuppertal
75%
CHO365.587Bochum
73%
F231.195Freiburg im Breisgau
69%
W278.474Wiesbaden
68%
Z218.578Mainz
67%
HK312.060Karlsruhe
66%
CK259.645Gelsenkirchen
64%
DFI334.195Bielefeld
62%
CW249.406Braunschweig
62%
C261.034Mönchengladbach
61%
T315.293Münster
61%
Q20.000Quedlinburg
60%
WZ127.934Würzburg
59%
V163.729Leverkusen
57%
P151.633Paderborn
49%
V113.643Bremerhaven
46%
F227.417Krefeld
43%
W172.253Ludwigshafen am Rhein
43%
X34.400Cuxhaven
38%
PZ125.957Pforzheim
34%
J17.200Jülich
29%
V85.707Villingen-Schwenningen
29%
Y74.783Bayreuth
28%
J11.900Jever
23%
X73.343Castrop-Rauxel
22%
Q11.500Quakenbrück
22%
Y50.561Speyer
20%
V81.842Velbert
20%
Q13.400Quickborn
19%
Q6.700Querfurt
17%
X33.300Buxtehude
15%
X13.500Höxter
14%
J9.590Jüterbog
10%
Y33.900Hoyerswerda
8%
Y41.100Bad Oeynhausen
7%
Q8.130Quierschied
7%
X11.900Bexbach
5%
Y26.600Weyhe
4%
J12.600Seeheim-Jugenheim
1%

Verteilung der Resultate

Perzentil nach korrekt beantworteten Fragen

Anzahl Personen mit jedem Resultat

Ihre Resultats-Entwicklung

Sie haben dieses Quiz noch nicht gespielt